000 00566nam a2200157 a 4500
001 000029014
005 20200930055257.0
008 110413s2006 dr 000 0 spa d
040 _aDO-SdBNP
_bspa
_cBNPHU
082 _axxxx
_bR337i
245 0 0 _aReglamento interno de políticas de recursos humanos /
_celaborado por Donatila Germán de Álvarez ; presentación Simón Lizardo Mézquita.
260 _aSanto Domingo :
_bContraloría General de la República,
_c2006.
300 _a38 p. ;
_c22 cm.
700 1 _aGermán Álvarez, Donatila de
_955934
049 _aBNPD
999 _c28506
_d28506